Datum a čas kvízu
25
Celkem bodů
Celkový počet nahraných bodů na tomto kvízu bez doplňovacích otázek.
2.
Pořadí na kvízu
Konečné umístění týmu na tomto kvízu.
Zaznamenané odpovědi
| # | Otázka | Odpověď | Body | Výsledky |
|---|---|---|---|---|
| 1. | Jindřich Vobořil ve čtvrtek u... | Národní protidrogový koordinátor | 1 | |
| 2. | Hudba z kterého amerického fil... | Terminátor | 0 | |
| 3. | Jak se jmenuje 88letý zahranič... | Alain Delon | 0 | |
| 4. | Ředitelka české pobočky jedné... | 0 | ||
| 5. | Který zahraniční fotbalista do... | Cristiano Ronaldo | 0 | |
| 6. | Napište, kterým slovem se ozna... | okostice (periost) | 1 | |
| 7. | Ve kterém českém městě najdeme... | v Brně | 0 | |
| 8. | Antropoložce Brennanové, hlavn... | Temperance | 0 | |
| 9. | Která párová kost u psů a koní... | klíční kost (clavicula) | 0 | |
| 10. | V září roku 2012 byla pod park... | Richard III. | 0 |